000 00436nam a2200169Ia 4500
008 090124s9999 xx 000 0 und d
082 _b110818
100 _aगांगल वसंत
245 _a पंचदशी
250 _a0
260 _c1964
600 _aगांगल वसंत
630 _a पंचदशी
700 _aगांगल वसंत
730 _a पंचदशी
942 _cBOOK
999 _c156909
_d156909